[Event "CZE-ch sf01 corr"]
[Site "Czech Republic"]
[Date "2000.??.??"]
[Round "?"]
[White "Klempar, Miloslav"]
[Black "Vitous, Petr"]
[Result "1-0"]
[WhiteElo "2265"]
[BlackElo "2000"]
[PlyCount "45"]
[EventDate "2000.??.??"]
[EventType "tourn (corr)"]
[EventRounds "12"]
[EventCountry "CZE"]
[SourceTitle "Corr 2002"]
[Source "ChessBase"]
[SourceDate "2002.05.23"]
[SourceVersion "1"]
[SourceVersionDate "2002.05.23"]
[SourceQuality "1"]

1. d4 Nf6 2. c4 g6 3. Nc3 Bg7 4. e4 d6 5. f3 0-0 6. Bg5 c5 7. d5 e6 8. Qd2 exd5 9. cxd5 a6 10. a4 Re8 11. Nge2 Nbd7 12. Ng3 Qa5 13. Ra3 h5 14. Be2 Nh7 15. Bf4 h4 16. Nf1 Qc7 17. Bh6 Be5 18. Be3 Bg7 19. Bf2 Qd8 20. Ne3 Qg5 21. 0-0 h3 22. g3 Bd4 23. Nc4 1-0

[Event "CZE-ch sf01 corr"]
[Site "Czech Republic"]
[Date "2000.??.??"]
[Round "?"]
[White "Pytlik, Leszek"]
[Black "Vitous, Petr"]
[Result "1-0"]
[WhiteElo "2000"]
[BlackElo "2000"]
[PlyCount "41"]
[EventDate "2000.??.??"]
[EventType "tourn (corr)"]
[EventRounds "12"]
[EventCountry "CZE"]
[SourceTitle "Corr 2002"]
[Source "ChessBase"]
[SourceDate "2002.05.23"]
[SourceVersion "1"]
[SourceVersionDate "2002.05.23"]
[SourceQuality "1"]

1. d3 d5 2. Nf3 Nf6 3. g3 c5 4. Bg2 Nc6 5. 0-0 e6 6. Nbd2 Be7 7. e4 0-0 8. Re1 b5 9. e5 Nd7 10. Nf1 a5 11. h4 b4 12. Bf4 Ba6 13. N1h2 a4 14. h5 Rc8 15. h6 g6 16. a3 b3 17. cxb3 Qb6 18. bxa4 Qxb2 19. Re2 Qc3 20. Bd2 Qb2 21. Bb4 1-0

[Event "CZE-ch sf01 corr"]
[Site "Czech Republic"]
[Date "2000.??.??"]
[Round "?"]
[White "Zpevakova, Katerina"]
[Black "Vitous, Petr"]
[Result "1-0"]
[WhiteElo "2295"]
[BlackElo "2000"]
[PlyCount "45"]
[EventDate "2000.??.??"]
[EventType "tourn (corr)"]
[EventRounds "12"]
[EventCountry "CZE"]
[SourceTitle "Corr 2002"]
[Source "ChessBase"]
[SourceDate "2002.05.23"]
[SourceVersion "1"]
[SourceVersionDate "2002.05.23"]
[SourceQuality "1"]

1. d4 Nf6 2. c4 g6 3. Nc3 Bg7 4. e4 d6 5. Nf3 0-0 6. Be2 e5 7. 0-0 Nc6 8. d5 Ne7 9. Ne1 Nd7 10. Be3 f5 11. f3 f4 12. Bf2 g5 13. a4 Ng6 14. a5 Rf7 15. b4 Nf6 16. c5 Bf8 17. cxd6 Bxd6 18. Nd3 Rg7 19. Nc5 Nf8 20. Nb5 g4 21. Bh4 h5 22. a6 bxa6 23. Nxd6 1-0

[Event "EasyNet Cup Q-02 corr"]
[Site "Czech Republic"]
[Date "1999.??.??"]
[Round "?"]
[White "Portych, Vaclav"]
[Black "Vitous, Petr"]
[Result "1/2-1/2"]
[WhiteElo "1845"]
[BlackElo "1800"]
[PlyCount "125"]
[EventDate "1999.??.??"]
[EventType "tourn (corr)"]
[EventRounds "10"]
[EventCountry "CZE"]
[SourceTitle "Corr 2002"]
[Source "ChessBase"]
[SourceDate "2002.05.23"]
[SourceVersion "1"]
[SourceVersionDate "2002.05.23"]
[SourceQuality "1"]

1. c4 Nf6 2. Nc3 g6 3. g3 Bg7 4. Bg2 0-0 5. Nf3 d6 6. d4 Nbd7 7. 0-0 e5 8. e4 c6 9. b3 Re8 10. d5 Nc5 11. Re1 cxd5 12. cxd5 a5 13. Ba3 b6 14. Qd2 Ba6 15. Bh3 Re7 16. Qe3 Rc7 17. Red1 Qf8 18. Ne1 Bh6 19. Qf3 Qe7 20. Rab1 Bg5 21. Bc1 Bxc1 22. Rdxc1 b5 23. b4 axb4 24. Rxb4 Na4 25. Rc2 Nxc3 26. Rxc3 Rc4 27. Rbxc4 bxc4 28. Nc2 Nd7 29. Bxd7 Qxd7 30. Qf6 Rb8 31. Ne3 Rb2 32. Qg5 Bc8 33. Rxc4 f6 34. Qh4 Rxa2 35. Rc1 Qd8 36. Ng4 g5 37. Qh3 Bd7 38. Nh6+ Kg7 39. Nf5+ Kg8 40. Qg4 Kh8 41. Nxd6 Bxg4 42. Nf7+ Kg8 43. Nxd8 Bf3 44. Re1 Ra4 45. Ne6 Kf7 46. Nc5 Rc4 47. Nb3 Bxe4 48. Nd2 Bxd5 49. Nxc4 Bxc4 50. f4 gxf4 51. gxf4 exf4 52. Re4 Bd3 53. Rxf4 Ke6 54. Kf2 Bg6 55. Kf3 Bh5+ 56. Ke3 Ke5 57. Ra4 Bf7 58. Ra7 Bg6 59. Ra5+ Ke6 60. h4 h5 61. Kf4 Ke7 62. Ra6 Bc2 63. Rb6 1/2-1/2

[Event "EasyNet Cup Q-02 corr"]
[Site "Czech Republic"]
[Date "1999.??.??"]
[Round "?"]
[White "Sott, Pavel"]
[Black "Vitous, Petr"]
[Result "1/2-1/2"]
[WhiteElo "2200"]
[BlackElo "1800"]
[PlyCount "67"]
[EventDate "1999.??.??"]
[EventType "tourn (corr)"]
[EventRounds "10"]
[EventCountry "CZE"]
[SourceTitle "Corr 2002"]
[Source "ChessBase"]
[SourceDate "2002.05.23"]
[SourceVersion "1"]
[SourceVersionDate "2002.05.23"]
[SourceQuality "1"]

1. e4 c5 2. Nf3 Nc6 3. d4 cxd4 4. Nxd4 Nf6 5. Nc3 e5 6. Ndb5 d6 7. Bg5 a6 8. Na3 b5 9. Nd5 Be7 10. Bxf6 Bxf6 11. c3 0-0 12. Nc2 Bg5 13. a4 bxa4 14. Rxa4 a5 15. Bc4 Rb8 16. b3 Kh8 17. 0-0 g6 18. b4 f5 19. b5 Ne7 20. Nxe7 Bxe7 21. exf5 Bxf5 22. Ne3 Bd7 23. Qe2 Bh4 24. Nd5 Be6 25. g3 Bg5 26. Re1 Rc8 27. h4 Bxh4 28. gxh4 Qxh4 29. Ne3 Bxc4 30. Rxc4 Rxc4 31. Nxc4 Qg5+ 32. Kf1 Qh4 33. Kg1 Qg5+ 34. Kf1 1/2-1/2

[Event "EasyNet Cup Q-03 corr"]
[Site "Czech Republic"]
[Date "1999.??.??"]
[Round "?"]
[White "Thoma, Otomar"]
[Black "Vitous, Petr"]
[Result "1/2-1/2"]
[WhiteElo "2000"]
[BlackElo "1800"]
[PlyCount "68"]
[EventDate "1999.??.??"]
[EventType "tourn (corr)"]
[EventRounds "10"]
[EventCountry "CZE"]
[SourceTitle "Corr 2002"]
[Source "ChessBase"]
[SourceDate "2002.05.23"]
[SourceVersion "1"]
[SourceVersionDate "2002.05.23"]
[SourceQuality "1"]

1. d4 Nf6 2. c4 g6 3. Nc3 Bg7 4. e4 d6 5. Nf3 0-0 6. Be2 e5 7. 0-0 Nc6 8. d5 Ne7 9. Ne1 Nd7 10. Nd3 f5 11. Bd2 Kh8 12. Rc1 Nf6 13. f3 c6 14. Be3 a6 15. b4 cxd5 16. cxd5 Bd7 17. Qd2 b5 18. a3 Rc8 19. Bg5 Neg8 20. Kh1 Qb6 21. Qe3 Qd4 22. Nf2 h6 23. Qxd4 exd4 24. Bxf6 Nxf6 25. Nb1 Rxc1 26. Rxc1 fxe4 27. Nxe4 Nxd5 28. Nxd6 Be5 29. Ne4 Rc8 30. Rxc8+ Bxc8 31. Nbd2 Kg7 32. g3 Nc3 33. Bd3 Nd1 34. Kg2 Nb2 1/2-1/2

[Event "EasyNet Cup Q-03 corr"]
[Site "Czech Republic"]
[Date "1999.??.??"]
[Round "?"]
[White "Vitous, Petr"]
[Black "Ryvova, Anna"]
[Result "0-1"]
[WhiteElo "1800"]
[BlackElo "2200"]
[PlyCount "38"]
[EventDate "1999.??.??"]
[EventType "tourn (corr)"]
[EventRounds "10"]
[EventCountry "CZE"]
[SourceTitle "Corr 2002"]
[Source "ChessBase"]
[SourceDate "2002.05.23"]
[SourceVersion "1"]
[SourceVersionDate "2002.05.23"]
[SourceQuality "1"]

1. d4 Nf6 2. c4 e6 3. g3 d5 4. Bg2 Be7 5. Nf3 0-0 6. 0-0 Nbd7 7. Qc2 c6 8. b3 b6 9. Rd1 Bb7 10. Nc3 Rc8 11. e4 c5 12. exd5 exd5 13. Bb2 Re8 14. dxc5 dxc4 15. cxb6 Qxb6 16. bxc4 Rxc4 17. Rac1 Bc5 18. Ba1 Bxf3 19. Bxf3 Ne5 0-1

[Event "EasyNet Cup Q-02 corr"]
[Site "Czech Republic"]
[Date "1999.??.??"]
[Round "?"]
[White "Vitous, Petr"]
[Black "Stancl, Vladimir"]
[Result "1-0"]
[WhiteElo "1800"]
[BlackElo "2180"]
[PlyCount "81"]
[EventDate "1999.??.??"]
[EventType "tourn (corr)"]
[EventRounds "10"]
[EventCountry "CZE"]
[SourceTitle "Corr 2002"]
[Source "ChessBase"]
[SourceDate "2002.05.23"]
[SourceVersion "1"]
[SourceVersionDate "2002.05.23"]
[SourceQuality "1"]

1. d4 Nf6 2. c4 e6 3. g3 d5 4. Bg2 dxc4 5. Nf3 Be7 6. 0-0 0-0 7. Qc2 a6 8. a4 Bd7 9. Qxc4 Bc6 10. Bg5 a5 11. Nc3 Na6 12. Bxf6 Bxf6 13. e4 Nb4 14. Rfd1 b6 15. Rac1 Bb7 16. Qe2 Rb8 17. Qe3 Be7 18. b3 f6 19. Bh3 f5 20. Ne5 Bd6 21. Nc4 Be7 22. exf5 exf5 23. Qe6+ Kh8 24. Ne5 Qe8 25. Re1 Qh5 26. Bg2 Bd6 27. Bxb7 Rxb7 28. Nd7 Rd8 29. Nb5 Nd3 30. Nxd6 cxd6 31. Rc8 Rxc8 32. Nf6 Rbc7 33. Nxh5 Nxe1 34. Qxf5 Nc2 35. Qd5 Rd8 36. Nf4 Nb4 37. Qf5 Re8 38. Ne6 Rb7 39. Ng5 g6 40. Qf6+ Kg8 41. Qxd6 1-0